MDQL
is popping MORE tags! Check the
thread
!
Quizzes
Events
Quiz Creation
Community
Videos
Private Events
Remove Ads
Sign In
Join for FREE
Feedback
Dark Mode
Quiz Categories
Sports
Geography
Music
Movies
Television
Just For Fun
Miscellaneous
History
Literature
Language
Science
Gaming
Entertainment
Religion
Holiday
For Kids
Quiz Lab
Recent
Popular Today
Quiz Kudos Today
Editor Picks
Curator Picks
Quizzes by...
Day
Popularity
Type
Ratings
Length
Year
Community
Subscriptions
Recent Discussions
Orange Saloon
Badges
Playlists
Quests
Create
Leaderboards
Showdown
Live 5
Trivia Bingo
Activity
Puzzle Library
Sporcle Events
Private Events
Virtual Trivia
Globe League
Become a Host
Pub Owners
SporcleCon
Opinionation
Our Games
Videos
Blog
Mobile Apps
Partnerships
Remove Ads and Go Orange
Feedback
Religion
Mythology
Religious Music
World Religions
Bible
Christianity
Catholicism
Judaism
Church
Scripture
Islam
Verse
Religion
Mythology
Religious Music
World Religions
Bible
Christianity
Catholicism
Judaism
Church
Scripture
Islam
Verse
Random Quiz
Search Sporcle
×
Quiz Lab
Quiz Lab
Religion
region
Type in answers that appear in a list
Type in answers that appear in a list
Classic
Best Score? Go Orange.
BBYO Regions Stats
Can you name the BBYO Regions?
By
alephcush
6m
50 Questions
2,019 Plays
2,019 Plays
2,019 Plays
Comments
Comments
Give Quiz Kudos
Give Quiz Kudos
-
- Ratings
hide this ad
Replay
Link that replays current quiz
Next Quiz
Link to next quiz in quiz playlist
You Got
0%
They Got
Avg Score
62%
Avg Friend Score
Upgrade to see
Score Distribution
Jump to the score distribution portion of the page
Score
0/50
Timer
06:00
0
Plays Today
Region
% Correct
Big Apple Region
84.1%
Central Region West
79.9%
Lonestar Region
76.3%
Gold Coast Region
75.8%
Cotton States Region
73.3%
Central Region East
72.9%
North Star Region
71.9%
North Texas Oklahoma Region
71.7%
Kentucky Indiana Ohio Region
71.6%
Nassau Suffolk Region
70.6%
Miami Region
69.6%
South Jersey Region
69.3%
Pacific Coast Region
69.3%
Bulgaria
68.6%
Evergreen Region
68.6%
Northern Region East, D.C. Council
68.4%
Michigan Region
67.4%
Rocky Mountain Region
66.9%
Israel (T'zmaretz)
66.7%
Northern Region East, Baltimore Council
66.6%
North Florida Region
65.8%
Mountain Region
65.4%
The Ohio Northern Region
65.3%
Wisconsin Region
65.2%
Lake Ontario Region
64.7%
Region
% Correct
United Kingdom
64.4%
Northern Region East, NoVa Council
64.3%
Keystone Mountain Region
62.3%
New England Region
61.5%
Great Midwest Region
61.4%
Connecticut Valley Region
61.3%
Red River Region
59.5%
Southern Region Atlanta Council
59.1%
Eastern Region, North Carolina Council
59%
Eastern Region, Virginia Council
58.9%
Southern Region, Dixie Council
58.4%
Philadelphia Region
56.7%
Ireland
52.9%
Southwestern Region
51.8%
France
51%
Mid America Region, St. Louis Council
51%
Eastern Canada Region
50.8%
Greater Jersey Hudson River Region, Northern Council
50.8%
Greater Jersey Hudson River Region, Central Council
50.8%
Turkey
50%
Mid America Region, Kansas City Council
49.5%
Northwest Canada Region
49.2%
MId America Region, Omaha Council
48.9%
Serbia
46.1%
Thailand
41.7%
Quiz Playlist
Details
Report
Send in Message
Add To Playlist
Classic:
Type in answers that appear in a list
Quiz Source
Last Updated: Feb 16, 2017
Quiz Scoreboard
CHALLENGE
Sign Up to Join the Scoreboard
Show All
Scores
Hide
Comments
May contain spoilers
Recently Published
5x2 Blitz: Bands
by SL_Kpop136
Music
30s
Colored Red Africa Blitz
by spor1
Geography
30s
Find the 'City' Movie
by crazypaving
Movies
60s
More to Explore
Quiz From the Vault
Featured Blog Post
14 Easter Pick-up Lines to Find Eggs With
hide this ad
You Might Also Like...
Tags
BBYO
region
Today's Top Quizzes in Religion
Browse Religion
hide this ad
Today's Top Quizzes in region
Browse region
Top Contributed Quizzes in Religion
1
Greek Personifications
2
Christmas Pick: Christianity
3
Greek Deities by Wombo Dream Artwork
4
Mythological Creature Bunker
5
Bible Books Venn Diagram
6
Bible Figures Venn Diagram II
7
Language by 'Haggadah' Cover
8
5-to-1: Children of Gods
9
Plants of Greek Mythology (Picture Click)
10
Dogs in Mythology
Explore More
Trending Topics
Crossword
Harry Potter
NBA
Disney
Anime
Kpop
Marvel
NFL
Country
Puzzle
Soccer
WWE
Pokémon
The Office
Song
hide this ad
More By:
alephcush
Quiz
Plays
Rating
Category
Featured
Created
BBYO Regions
2,019
2.67
Religion
Feb 28, 2010
Go to Creator's Profile
Score Distribution
Quiz Creator Spotlight
alephcush
Follow
Send a Message
Quizzes Created
-
Created Quiz Play Count
-
More By This Creator
Popular Quizzes Today
1
Find the 'City' Movie
2
5x2 Blitz: Bands
3
Colored Red Africa Blitz
4
The Countries of the World
5
Find the US States - No Outlines Minefield
6
Find the US States
7
9x9 Crossword: Cartoon Network
8
US States
More Religion Quizzes
Six-Letter Biblical Figures
Curator's Pick
Trending Quizzes
Colored Red Africa Blitz II
Colored Red Europe Blitz I
Colored Red Africa Blitz III
Colored Red Europe Blitz II
Colored Red Europe Blitz III
Recently Updated
Champions League XIs: Real Madrid
pecheneg
Largest US Cities 1790-2010
pecheneg
Rides in Walt Disney World
pecheneg
Most Oscar Losses (Acting)
pecheneg
Beyoncé Albums
pecheneg
Leaping Animals
pecheneg
Reality TV Shows (A-Z)
bhenderson79
Rickey Henderson's Hall of Fame Teammates
pecheneg
Champions League XIs: Arsenal
pecheneg
Quick Pick: Celebrities in WWE's Hall of Fame
aduchscher
Trending Topics
NBA
Disney
Harry Potter
Kpop
Marvel
Anime
Crossword
Puzzle
Pokémon
Country
Soccer
WWE
Song
NFL
The Office
Your Account Isn't Verified!
In order to create a playlist on Sporcle, you need to verify the email address you used during registration. Go to your
Sporcle Settings
to finish the process.
Report this User
Report this user for behavior that violates our
Community Guidelines
.
Details:
Send Report
Go to the Sporcle.com Mobile Site →
Comments